000 00473 a2200157 4500
999 _c7787
_d7787
020 _a0869258230
050 _aLB2805 CHU 1988
100 _aChung, Fay
_eauthor
245 _aBasic principles of administration /
_cFay Chung
264 _aHarare :
_bCollege Press Publishers,
_c1988.
300 _a72p. :
500 _aIncludes bibliographical references
650 _aPublic administration -- Zimbabwe
650 _aManagement -- Zimbabwe
942 _2lcc
_cBK
_h2805
_iCHU
_kLB